The Civilization of The Renaissance / (Record no. 187389)

000 -LEADER
fixed length control field 00656 a2200169 4500
003 - CONTROL NUMBER IDENTIFIER
control field Nust
005 - DATE AND TIME OF LATEST TRANSACTION
control field 20230203125124.0
040 ## - CATALOGING SOURCE
Transcribing agency Nust
082 ## - DEWEY DECIMAL CLASSIFICATION NUMBER
Classification number 945,BUR
100 ## - MAIN ENTRY--PERSONAL NAME
Personal name Burckhardt, Jacob
9 (RLIN) 108598
245 ## - TITLE STATEMENT
Title The Civilization of The Renaissance /
Statement of responsibility, etc. Jacob Burckhardt
260 ## - PUBLICATION, DISTRIBUTION, ETC.
Place of publication, distribution, etc. London
Name of publisher, distributor, etc. The Phaidon Press
300 ## - PHYSICAL DESCRIPTION
Extent 462:p
505 ## - FORMATTED CONTENTS NOTE
Formatted contents note The State As A Work Of Art (Page-1), The Development Of The Individual (Page-81), The Revival Of Antiquity (Page-104), The Discovery Of The World And Of Man (Page-171), Society And Festivals (Page-217), Morality And Religion (Page-261).
650 ## - SUBJECT ADDED ENTRY--TOPICAL TERM
Topical term or geographic name entry element The Civilization
9 (RLIN) 108599
942 ## - ADDED ENTRY ELEMENTS (KOHA)
Source of classification or shelving scheme
Koha item type Book
Call number prefix 945,BUR
Holdings
Withdrawn status Lost status Source of classification or shelving scheme Damaged status Not for loan Permanent Location Current Location Shelving location Date acquired Full call number Barcode Date last seen Price effective from Koha item type Public note
          Military College of Signals (MCS) Military College of Signals (MCS) General Stacks 12/12/2016 945,BUR MCS29196 12/08/2016 12/12/2016 Book Almirah No. 60, Shelf No. 6
© 2023 Central Library, National University of Sciences and Technology. All Rights Reserved.